000 01152nam a22002537a 4500
001 6151
003 FISKH
005 20250320105311.0
008 250320b cb ||||| |||| 00| 0 eng d
020 _a027011034596
040 _aFISKH
_beng
_cFISKH
_dFISKH
050 _aSF429.C55 C63
082 _a636.752
100 _aCoile, Caroline
245 _aThe cocker Spaniel handbook /
_cBy D. Caroline Coile Ph.D.
260 _aNew York :
_bBarron's Educational Series, Inc ;
_c2007.
300 _a153 pages :
_bcolor illustrations ;
_c20 cm .
490 _aPet Handbooks
520 _aPerhaps the most popular variety of spaniel among pet owners, the Cocker is adaptable to most human lifestyles and, when carefully acclimated, makes a wonderful companion for children. This new addition to Barron's Pet Handbooks is typical of the series, filled with detailed advice on feeding, grooming, health care, and training, as well as extensive information on traits of the breed. It's filled with color photos and line art.
650 _aCocker Spaniel
_vNon-fiction
700 _aEarle-Bridges, Michele
_eDrawer
942 _2ddc
_cBK
_n0
999 _c6151
_d6151